000 00287nam a22001337a 4500
008 181107b xxu||||| |||| 00| 0 eng d
020 _a0874848393
041 _aeng
080 _a101
100 _a24
101 _aFIL
245 _aLooking at Philosophy
_cPalmer,D
942 _2udc
_cBK
999 _c52073
_d52073